Language Quiz

Random Language or Spanish Quiz

Unexpected Translations: English-Spanish Quiz Stats

 Plays Quiz Updated Oct 10, 2015

Challenge
Share
Tweet
Embed
Score 0/16 Timer 05:00
0 Plays Today
English Meaning Word % Correct
A shallow cooking vessel with a handlepan
96.4%
A single timeonce
94%
Primary colorred
89.8%
Dried grass fed to animalshay
89.4%
What grapes grow onvine
87.1%
An immoral actsin
83.7%
A male childson
83.3%
Type of sauce or milksoy
82.9%
English Meaning Word % Correct
Fatherpapa
82.7%
Appendage often found on sea creaturesfin
81%
Greater in heighttaller
78.2%
Leader of a municipalitymayor
76.3%
Genuinereal
75%
Orchestra directorconductor
74.8%
A type of gunrevolver
36.9%
Wise or prudentsensible
30.3%

You're not logged in!

Compare scores with friends on all Sporcle quizzes.
Join for Free
OR
Log In

You Might Also Like...

Show Comments

Extras

Top Quizzes Today


Score Distribution

Your Account Isn't Verified!

In order to create a playlist on Sporcle, you need to verify the email address you used during registration. Go to your Sporcle Settings to finish the process.

Report this User

Report this user for behavior that violates our Community Guidelines.

Details: